000 01536cam a22004217a 4500
003 CHAP
005 20220817043429.0
008 980330d1996 es a r 00110 spa d
010 _a75177
011 _a76149
020 _a84-491-0248-0
020 _a8471146519
035 _a85726
040 _cCHAP
082 0 4 _a631.86
_bL3
100 1 _aLabrador Moreno, Juana
_964301
245 1 0 _aLa materia orgánica en los agrosistemas
_c/por Juana Labrador Moreno
260 0 _aMadrid :
_bMinisterio de Agricultura, Pesca y Alimentación,
_c1996.
300 _a174 p. :
_bilus. ; gráfs.
590 _aBATCH-UPD
_b10
_c20130110
_lUCH01
_h1057
590 _aBATCH-UPD
_b10
_c20130410
_lUCH01
_h0652
590 _aBATCH-UPD
_b10
_c20130913
_lUCH01
_h2230
590 _aCONVERSION
_b10
_c20130109
_lUCH01
_h1341
650 1 4 _aAbonos verdes.
_9282
650 1 4 _aAbonos.
_9235
650 1 4 _aAbonos
_xEfecto en suelos.
650 1 4 _aAgricultura orgánica.
_92005
650 1 4 _aGallinaza.
_944445
650 1 4 _aHumus.
_956902
650 1 4 _aSuelos
_xMateria orgánica.
_9110429
901 _aBK
905 _aLilia Sánchez G.
942 _cLIBRO
949 _a631.86 L3
_bBC
_cLIBRO
_d33724000591772
_eLIBRO
_gI. 191450
_h93002
_i85726
_si
_t$192.00
949 _a631.86 L3
_bBC
_cLIBRO
_d33724000736872
_eLIBRO
_fc.2
_gI. 198985
_h96324
_i85726
_si
_t$261.00
949 _a631.86 L3
_bBC
_cLIBRO
_d33724000791521
_eLIBRO
_fc.3
_gI.207154
_h98771
_i85726
_si
_t214.20
949 _a631.86 L3
_bBC
_cLIBRO
_d33724000819579
_eLIBRO
_fc.4
_gI.210868
_h99919
_i85726
_si
_t$214.20
999 _c75177
_d75177